000 006410000a22002050004500
003 LK-CoMWRAF
005 20231206101025.0
008 230817t1997 ||||| |||| 00| 0 eng d
020 _a9628161040
040 _aLK-CoMWRAF
_dLK-CoMWRAF
_eLK-CoMWRAF
041 _aeng
082 _a262.9
_bFER
100 _aFernando, Basil
245 _aPower vs. conscience:
_bthe excoomunication of Fr. Tissa Balasuriya
260 _aKowloon;
_bAsian Human Rights Commission,
_c1997
300 _aviii, 143 p. : ill. ; 21 cm.
490 _aHuman rights & spirituality
_vII
650 _aExcommunication -- Catholic Church -- Case studies
942 _cBK
999 _c2945
_d2945